عرض عادي عرض مارك
  • Scott, David

مدخل إسم شخص

عدد التسجيلات المستخدمة في: 1

001 - رقم الضبط

  • حقل الضبط: 44715

003 - معرف رقم الضبط

  • حقل الضبط: OSt

005 - تاريخ ووقت أخر عملية

  • حقل الضبط: 20140511171744.0

008 - عناصر بيانات ثابتة الطول

  • حقل تحكم ثابت الطول: 140511|||a|||||| | ||| d

040 ## - مصدر الفهرسة

  • هيئة الفهرسة الأصلية: OSt
  • وكالة الكتابة: OSt

100 ## - مدخل -- أسم شخص

  • إسم شخص: Scott, David
  • العنوان و الكلمات الأخري المرتبطة بالأسم: (Structural engineer)

670 ## - بيانات المصدر موجوده

  • الاستشهاد بالمصدر: Work cat.: (OSt)0: Irwin, Peter 44710, Wind tunnel testing of high-rise buildings :, 2013.